World mortality in 2000 : life tables for 191 countries /
| Corporate Authors: | , |
|---|---|
| Other Authors: | |
| Format: | eBook |
| Language: | English French Spanish |
| Language Notes: | English, French, Spanish. |
| Published: |
Geneva, Switzerland :
World Health Organization,
[2002]
|
| Subjects: | |
| Online Access: | Connect to the full text of this electronic book |
MARC
| Tag | First Indicator | Second Indicator | Subfields |
|---|---|---|---|
| LEADER | 00000cam a2200000Ia 4500 | ||
| 001 | in00001852425 | ||
| 005 | 20220105141359.0 | ||
| 006 | m d | ||
| 007 | cr cnu---unuuu | ||
| 008 | 031125s2002 sz a sb i000 0 eng d | ||
| 020 | |a 0585473137 (electronic bk.) | ||
| 035 | |a (OCoLC)ocm53706047 | ||
| 040 | |a N$T |c N$T |d UtOrBLW | ||
| 041 | 0 | |a eng |a fre |a spa | |
| 049 | |a IICC | ||
| 050 | 1 | 4 | |a HB1322 |b .W67 2002eb |
| 060 | 1 | 4 | |a HB 1321 |b W927 2002 |
| 082 | 0 | 4 | |a 304.64 |2 22 |
| 245 | 0 | 0 | |a World mortality in 2000 : |b life tables for 191 countries / |c A.D. Lopez [and others]. |
| 246 | 1 | 4 | |a Mortalit́e mondiale en 2000 |
| 246 | 1 | 4 | |a Mortalidad mundial en 2000 |
| 264 | 1 | |a Geneva, Switzerland : |b World Health Organization, |c [2002] | |
| 264 | 4 | |c ©2002 | |
| 300 | |a v, 512 pages : |b illustrations | ||
| 336 | |a text |b txt |2 rdacontent | ||
| 337 | |a computer |b c |2 rdamedia | ||
| 338 | |a online resource |b cr |2 rdacarrier | ||
| 546 | |a English, French, Spanish. | ||
| 504 | |a Includes bibliographical references. | ||
| 530 | |a Also available on the World Wide Web. | ||
| 533 | |a Electronic reproduction. |b Boulder, Colo. : |c NetLibrary, |d 2003. |n Available via World Wide Web. |n Access may be limited to NetLibrary affiliated libraries. | ||
| 500 | |a Electronic resource. | ||
| 650 | 0 | |a Mortality |v Tables. |0 http://id.loc.gov/authorities/subjects/sh85087374 | |
| 650 | 1 | 2 | |a Mortality. |0 https://id.nlm.nih.gov/mesh/D009026 |
| 650 | 2 | 2 | |a Life Expectancy. |0 https://id.nlm.nih.gov/mesh/D008017 |
| 650 | 2 | 2 | |a Life Tables. |0 https://id.nlm.nih.gov/mesh/D015993 |
| 655 | 7 | |a Statistics. |2 mesh |0 https://id.nlm.nih.gov/mesh/D020500 | |
| 655 | 7 | |a Electronic books. |2 local | |
| 700 | 1 | |a Lopez, Alan D. |0 http://id.loc.gov/authorities/names/n83329045 | |
| 710 | 2 | |a World Health Organization. |0 http://id.loc.gov/authorities/names/n79059041 | |
| 710 | 2 | |a NetLibrary, Inc. |0 http://id.loc.gov/authorities/names/no99080690 | |
| 776 | 1 | |c Original |z 9241562048 |w (OCoLC)50699432 | |
| 856 | 4 | 1 | |u https://proxy.library.tamu.edu/login?url=http://www.netLibrary.com/urlapi.asp?action=summary&v=1&bookid=91394 |z Connect to the full text of this electronic book |t 0 |
| 994 | |a 92 |b IIC | ||
| 999 | |a MARS | ||
| 999 | f | f | |s 7174a13f-8c2a-3a26-ba3a-614198de967d |i 6a88488d-41e2-3703-aa06-3d989108d1e4 |t 0 |
| 952 | f | f | |a Texas A&M University |b College Station |c Electronic Resources |d Available Online |t 0 |e HB1322 .W67 2002eb |h Library of Congress classification |
| 998 | f | f | |a HB1322 .W67 2002eb |t 0 |l Available Online |